Giáo trình lý thuyết mạch điện
Nội dung tài liệu trình bày những kiến kiến thức cơ bản về mạch điện và các phương pháp phân tích mạch điện, đồng thời cũng là nền tảng cho các kỹ năng tư duy, phản biện và bảo vệ tinh logic của vấn đề trong các cách thiết kế một hệ...
Đã lưu trong:
| 主要作者: | |
|---|---|
| 其他作者: | |
| 格式: | 图书 |
| 语言: | Vietnamese |
| 出版: |
Tp. HCM
Đại học Quốc gia Tp.Hồ Chí Minh
2015
|
| 标签: |
添加标签
没有标签, 成为第一个标记此记录!
|
| Thư viện lưu trữ: | Thư viện Trường Đại học Nam Cần Thơ |
|---|
| LEADER | 02421nam a22002897a 4500 | ||
|---|---|---|---|
| 001 | NCT_9323 | ||
| 008 | 171025b xxu||||| |||| 00| 0 vie d | ||
| 999 | |c 462 |d 462 | ||
| 020 | |a 9786047330478 |c 28000 | ||
| 082 | 1 | 4 | |2 22nd ed. |a 004.028 |b V500 |
| 100 | |a Đinh Đức Anh Vũ | ||
| 245 | 0 | 0 | |a Giáo trình lý thuyết mạch điện |c Đinh Đức Anh Vũ, Hồ Thị Kim Hương |
| 260 | |a Tp. HCM |b Đại học Quốc gia Tp.Hồ Chí Minh |c 2015 | ||
| 300 | |a 251tr |c 21cm | ||
| 520 | 3 | |a Nội dung tài liệu trình bày những kiến kiến thức cơ bản về mạch điện và các phương pháp phân tích mạch điện, đồng thời cũng là nền tảng cho các kỹ năng tư duy, phản biện và bảo vệ tinh logic của vấn đề trong các cách thiết kế một hệ thống | |
| 700 | |a Hồ Thị Kim Hoàng | ||
| 942 | |2 ddc |c BK | ||
| 952 | |0 0 |1 0 |2 ddc |4 0 |6 004_028000000000000_V500 |7 0 |9 2188 |a 000001 |b 000001 |d 2017-10-25 |o 004.028 V500 |p MD.01658 |r 2017-10-25 |v 28000.00 |w 2017-10-25 |y BK | ||
| 952 | |0 0 |1 0 |2 ddc |4 0 |6 004_028000000000000_V500 |7 0 |9 2189 |a 000001 |b 000001 |d 2017-10-25 |l 1 |m 1 |o 004.028 V500 |p MD.01659 |r 2018-02-28 |s 2018-01-31 |v 28000.00 |w 2017-10-25 |y BK | ||
| 952 | |0 0 |1 0 |2 ddc |4 0 |6 004_028000000000000_V500 |7 0 |9 2190 |a 000001 |b 000001 |d 2017-10-25 |o 004.028 V500 |p MD.01660 |r 2017-10-25 |v 28000.00 |w 2017-10-25 |y BK | ||
| 952 | |0 0 |1 0 |2 ddc |4 0 |6 004_028000000000000_V500 |7 0 |9 2191 |a 000001 |b 000001 |d 2017-10-25 |o 004.028 V500 |p MD.01661 |r 2017-10-25 |v 28000.00 |w 2017-10-25 |y BK | ||
| 952 | |0 0 |1 0 |2 ddc |4 0 |6 004_028000000000000_V500 |7 0 |9 2192 |a 000001 |b 000001 |d 2017-10-25 |o 004.028 V500 |p MD.01662 |r 2017-10-25 |v 28000.00 |w 2017-10-25 |y BK | ||
| 952 | |0 0 |1 0 |2 ddc |4 0 |6 004_028000000000000_V500 |7 0 |9 2193 |a 000001 |b 000001 |d 2017-10-25 |o 004.028 V500 |p MD.01665 |r 2017-10-25 |v 28000.00 |w 2017-10-25 |y BK | ||
| 952 | |0 0 |1 0 |2 ddc |4 0 |6 004_028000000000000_V500 |7 0 |9 2194 |a 000001 |b 000001 |d 2017-10-25 |o 004.028 V500 |p MD.01668 |r 2017-10-25 |v 28000.00 |w 2017-10-25 |y BK | ||
| 952 | |0 0 |1 0 |2 ddc |4 0 |6 004_028000000000000_V500 |7 0 |9 2195 |a 000001 |b 000001 |d 2017-10-25 |l 2 |o 004.028 V500 |p MD.01675 |r 2018-01-04 |s 2017-12-20 |v 28000.00 |w 2017-10-25 |y BK | ||
| 952 | |0 0 |1 0 |2 ddc |4 0 |6 004_028000000000000_V500 |7 0 |9 6595 |a 000001 |b 000001 |d 2018-02-23 |o 004.028 V500 |p MD.10385 |r 2018-02-23 |v 28000.00 |w 2018-02-23 |y BK | ||
| 980 | |a Thư viện Trường Đại học Nam Cần Thơ | ||


